Catalog

Record Details

Catalog Search



A kids' guide to the American Revolution / ... Read More

Krull, Kathleen,(author.).
DiVito, Anna,(illustrator.).

Available copies

  • 2 of 3 copies available at LARL/NWRL Consortium.
  • 1 of 2 copies available at Lake Agassiz Regional Library. (Show preferred library)

Current holds

0 current holds with 3 total copies.

Show Only Available Copies
Location Call Number / Copy Notes Barcode Shelving Location Status Due Date
Crookston Public Library J 973.3 KRU (Text) 33500012741815 Main Available -
Moorhead Public Library J 973.3 KRU (Text) 33500012741807 Main Checked out 06/22/2026
Thief River Falls Public Library j 973.3 KRU (Text) 35500006071169 Main Available -

Record details

  • ISBN: 9780062381101
  • ISBN: 0062381105
  • ISBN: 9780062381095
  • ISBN: 0062381091
  • Physical Description: 207 pages : illustrations, maps ; 22 cm.
  • Edition: First edition.
  • Publisher: New York, NY : Harper, an imprint of HarperCollins Publishers, [2018]

Content descriptions

Bibliography, etc. Note:
Includes bibliographical references and index.
Formatted Contents Note:
Introduction : The birth of a new nation -- The ... Read More
Summary, etc.:
Packed with anecdotes, sidebars, time lines, and ... Read More
Target Audience Note:
Ages 8-12.
Subject: American Revolution (1775-1783)
United States > History > Revolution, 1775-1783 > Juvenile literature.
United States > History > Revolution, 1775-1783.
United States.
United States > History > Revolution, 1775-1783 > Juvenile literature.
Genre: History.
Juvenile works.
LDR 03141cam a2200613Ii 4500
001274956
003LARL_NWRL_CONSORTIUM
00520180705151358.0
008170414t20182018nyuab c b 001 0 eng d
010 . ‡a 2017951333
040 . ‡aYDX ‡beng ‡erda ‡cYDX ‡dBDX ‡dCHILD ‡dFOLLT ‡dCPL ‡dOCLCF ‡dTXWHS ‡dUAP
019 . ‡a982223324 ‡a982225927 ‡a982341465 ‡a982345202 ‡a982395255 ‡a982501876 ‡a982599511
020 . ‡a9780062381101 ‡q(trade bdg.)
020 . ‡a0062381105 ‡q(trade bdg.)
020 . ‡a9780062381095 ‡q(pbk.)
020 . ‡a0062381091 ‡q(pbk.)
035 . ‡a(OCoLC)982397296 ‡z(OCoLC)982223324 ‡z(OCoLC)982225927 ‡z(OCoLC)982341465 ‡z(OCoLC)982345202 ‡z(OCoLC)982395255 ‡z(OCoLC)982501876 ‡z(OCoLC)982599511
043 . ‡an-us---
08204. ‡a973.3 ‡223
1001 . ‡aKrull, Kathleen, ‡eauthor. ‡0(LARL_NWRL_CONSORTIUM)63800
24512. ‡aA kids' guide to the American Revolution / ‡cKathleen Krull ; illustrated by Anna DiVito.
24630. ‡aAmerican Revolution
250 . ‡aFirst edition.
264 1. ‡aNew York, NY : ‡bHarper, an imprint of HarperCollins Publishers, ‡c[2018]
264 4. ‡c©2018
300 . ‡a207 pages : ‡billustrations, maps ; ‡c22 cm.
336 . ‡atext ‡btxt ‡2rdacontent
337 . ‡aunmediated ‡bn ‡2rdamedia
338 . ‡avolume ‡bnc ‡2rdacarrier
4900 . ‡aKid's guide to American history
5218 . ‡aAges 8-12.
520 . ‡aPacked with anecdotes, sidebars, time lines, and illustrations by Anna DiVito, this title, gives young readers a comprehensive look at the birth of our nation.
504 . ‡aIncludes bibliographical references and index.
5050 . ‡aIntroduction : The birth of a new nation -- The notorious thirteen colonies -- Inching toward revolution -- A kid dies in Boston -- Weirdest tea party ever -- This means war -- The first shots -- Head and shoulders above the rest -- Thinking big : the Declaration of Independence -- We have a Declaration -- Back to the war, and it's not looking good -- Keeping the flame of revolution alive -- And more war -- The world turned upside down -- Surprising the whole world -- What happened next? -- The power of the Declaration.
61127. ‡aAmerican Revolution (1775-1783) ‡2fast
651 0. ‡aUnited States ‡xHistory ‡yRevolution, 1775-1783 ‡vJuvenile literature. ‡0(LARL_NWRL_CONSORTIUM)33380
651 1. ‡aUnited States ‡xHistory ‡yRevolution, 1775-1783. ‡0(LARL_NWRL_CONSORTIUM)33367
651 7. ‡aUnited States. ‡2fast ‡0(LARL_NWRL_CONSORTIUM)178480
651 4. ‡aUnited States ‡xHistory ‡yRevolution, 1775-1783 ‡vJuvenile literature. ‡0(LARL_NWRL_CONSORTIUM)33380
648 7. ‡a1775-1783 ‡2fast
655 7. ‡aHistory. ‡2fast
655 7. ‡aJuvenile works. ‡2fast
7001 . ‡aDiVito, Anna, ‡eillustrator. ‡0(LARL_NWRL_CONSORTIUM)103016
901 . ‡a274956 ‡bOCoLC ‡c274956 ‡tbiblio ‡soclc

Additional Resources